00286 a2200121 450000100060000004000240000610000180003024000370004824500320008530000070011736200090012465000310013347967 cAnchieta - Aquarius aLopes, Teresa10aHistórias que acabam aquilpor10aHistórias que acabam aqui a310 a2005 4aLiteratura infanto-juvenil